Může být Labour Economics v Dánsku inspirující pro naši ekonomickou teorii a praxi?
Charakteristické rysy dánskej ekonomiky v porovnaní s krajinami OECD. Vysoký podiel zamestnanosti v štátnom sektore. Odborové hnutie a jeho úloha v ekonomike. Regulácia miezd u žien a mužov smerom k znižovaniu existujúcich rozdielov.
Salvato in:
| Autore principale: | |
|---|---|
| Altri autori: | |
| Natura: | Capitolo di libro |
| Lingua: | ceco |
| Soggetti: | |
| Tags: |
Nessun Tag, puoi essere il primo ad aggiungerne!!
|
MARC
| LEADER | 00000naa a2200000 4500 | ||
|---|---|---|---|
| 001 | r003984 | ||
| 005 | 20221125075736.8 | ||
| 041 | 0 | |a cze | |
| 044 | |a [CS] | ||
| 245 | 1 | 0 | |a Může být Labour Economics v Dánsku inspirující pro naši ekonomickou teorii a praxi? |c S. Polouček, M. Vogl |
| 520 | |a Charakteristické rysy dánskej ekonomiky v porovnaní s krajinami OECD. Vysoký podiel zamestnanosti v štátnom sektore. Odborové hnutie a jeho úloha v ekonomike. Regulácia miezd u žien a mužov smerom k znižovaniu existujúcich rozdielov. | ||
| 610 | 2 | 0 | |a rozvoj hospodársky |
| 610 | 2 | 0 | |a Dánsko |
| 610 | 2 | 0 | |a OECD |
| 610 | 2 | 0 | |a zamestnanosť |
| 610 | 2 | 0 | |a odbory |
| 610 | 2 | 0 | |a sektor štátny |
| 610 | 2 | 0 | |a regulácia miezd |
| 100 | 1 | |a Polouček, S. | |
| 700 | 1 | |a Vogl, Michaela | |